Points of view : (Запис № 537578)
[ простий вигляд ]
| 000 -LEADER | |
|---|---|
| fixed length control field | 03208cam a2200397Ia 4500 |
| 001 - CONTROL NUMBER | |
| control field | pointsofviewanth00moff |
| 003 - CONTROL NUMBER IDENTIFIER | |
| control field | CaSfIA |
| 005 - DATE AND TIME OF LATEST TRANSACTION | |
| control field | 20210118210951.0 |
| 007 - PHYSICAL DESCRIPTION FIXED FIELD--GENERAL INFORMATION | |
| fixed length control field | cr|||| |
| 008 - FIXED-LENGTH DATA ELEMENTS--GENERAL INFORMATION | |
| fixed length control field | 940526r19661956nyu 000 1 eng d |
| 010 ## - LIBRARY OF CONGRESS CONTROL NUMBER | |
| LC control number | 66023505 |
| 040 ## - CATALOGING SOURCE | |
| Original cataloging agency | SLC |
| Transcribing agency | SLC |
| Modifying agency | UUC |
| -- | OCL |
| -- | OCLCQ |
| -- | YDXCP |
| -- | CaSfIA |
| 020 ## - INTERNATIONAL STANDARD BOOK NUMBER | |
| International Standard Book Number | 0451627229 : |
| Terms of availability | $5.99 ($6.99 Can.) |
| 020 ## - INTERNATIONAL STANDARD BOOK NUMBER | |
| International Standard Book Number | 9780451627223 |
| 035 ## - SYSTEM CONTROL NUMBER | |
| System control number | (OCoLC)30499861 |
| 050 #4 - LIBRARY OF CONGRESS CALL NUMBER | |
| Classification number | PN6014 |
| Item number | .P64 1966x |
| 082 04 - DEWEY DECIMAL CLASSIFICATION NUMBER | |
| Classification number | 808.83 |
| Edition number | 20 |
| 029 1# - (OCLC) | |
| OCLC library identifier | AU@ |
| System control number | 000003281476 |
| 245 00 - TITLE STATEMENT | |
| Title | Points of view : |
| Medium | [electronic resource] |
| Remainder of title | an anthology of short stories / |
| Statement of responsibility, etc | edited by James Moffett and Kenneth R. McElheny. |
| 260 ## - PUBLICATION, DISTRIBUTION, ETC. (IMPRINT) | |
| Place of publication, distribution, etc | [New York] : |
| Name of publisher, distributor, etc | Mentor, |
| Date of publication, distribution, etc | c1966. |
| 300 ## - PHYSICAL DESCRIPTION | |
| Extent | xii, 576 p. ; |
| Dimensions | 18 cm. |
| 500 ## - GENERAL NOTE | |
| General note | "ME2722"--Cover. |
| 520 ## - SUMMARY, ETC. | |
| Summary, etc | Short stories arranged by the story telling technique of the narrators. |
| 504 ## - BIBLIOGRAPHY, ETC. NOTE | |
| Bibliography, etc | Includes bibliographical references (p. 575-576). |
| 505 0# - FORMATTED CONTENTS NOTE | |
| Formatted contents note | Telephone call / Dorothy Parker -- I stand here ironing / Tillie Olsen -- Straight pool / John O'Hara -- Lady's maid / Katherine Mansfield -- ...& answers / Joyce Carol Oates -- Inter-office / Rosellan Brown -- Bundle of letters / Henry James -- Wilderness station / Alice Munro -- Jupiter Doke, Brigadier General / Ambrose Bierce -- Yellow wallpaper / Charlotte Perkins Gillman -- Night watchman's occurrence book / V.S. Naipaul -- Amahl and the night visitors / Lorrie Moore -- Somebody / Danny Santiago -- My side of the matter / Truman Capote -- My sister's marriage / Cynthia Marshall Rich. |
| 505 0# - FORMATTED CONTENTS NOTE | |
| Formatted contents note | Why, you reckon? / Langston Hughes -- A & P / John Updike -- Distance / Grace Paley -- Christmas Eve at Johnson's Drugs N Goods / Toni Cade Bambara -- Circuit / Francisco Jimenez -- First confession / Frank O'Connor -- A coupla scalped indians / Ralph Ellison -- Birthday / David Wong Louie -- Passing / Durango Mendoza -- Voice from the wall / Amy Tan -- Country / Jayne Anne Phillips -- Scales / Louise Erdrich -- Bridle / Raymond Carver -- Eggs of the world / Toshio Mori -- Five-forty-eight / John Cheever -- Stone boy / Gina Berriault -- Doby's gone / Ann Petry -- Act of faith / Irwin Shaw. |
| 505 0# - FORMATTED CONTENTS NOTE | |
| Formatted contents note | Come out of the wilderness / James Baldwin -- Sinking house / T. Coraghessan Boyle -- Only Rose / Sarah Orne Jewett -- Strong horse tea / Alice Walker -- Uglypuss / Margaret Atwood -- Fever flower / Shirley Ann Grau -- Suicides of private greaves / James Moffett -- Inez / Merle Hodge -- New window display / Nicholosa Mohr -- Lottery / Shirley Jackson -- Powerhouse / Eudora Welty. |
| 506 ## - RESTRICTIONS ON ACCESS NOTE | |
| Standardized terminology for access restriction | Необхідна авторизація на https://archive.org/ (створення облікового запису безкоштовно) |
| 506 ## - RESTRICTIONS ON ACCESS NOTE | |
| Standardized terminology for access restriction | Необхідна авторизація на https://openlibrary.org/ (створення облікового запису безкоштовно) |
| 650 #0 - SUBJECT ADDED ENTRY--TOPICAL TERM | |
| Topical term or geographic name as entry element | Short stories. |
| 700 1# - ADDED ENTRY--PERSONAL NAME | |
| Personal name | Moffett, James. |
| 700 1# - ADDED ENTRY--PERSONAL NAME | |
| Personal name | McElheny, Kenneth R. |
| 856 41 - ELECTRONIC LOCATION AND ACCESS | |
| Uniform Resource Identifier | <a href="http://www.archive.org/details/pointsofviewanth00moff">http://www.archive.org/details/pointsofviewanth00moff</a> |
| Public note | Free eBook from the Internet Archive |
| 856 42 - ELECTRONIC LOCATION AND ACCESS | |
| Uniform Resource Identifier | <a href="http://www.openlibrary.org/books/OL24216951M">http://www.openlibrary.org/books/OL24216951M</a> |
| Public note | Additional information and access via Open Library |
| 942 ## - ADDED ENTRY ELEMENTS (KOHA) | |
| Koha item type | ЕКнига |
Немає доступних примірників.